000 nam a22 7a 4500
999 _c54602
_d54602
003 OSt
005 20220802154048.0
008 220802b xxu||||| |||| 00| 0 eng d
040 _cIIMT UNIVERSITY
100 _aTARGONSKI, ROSALIE
245 _aOUT LINES OF U.S GOVERNMENT
260 _bU.S.D.S
_c1989
300 _a122
942 _2ddc
_c09